| 000 | 00762nam a2200241Ia 4500 | ||
|---|---|---|---|
| 003 | OSt | ||
| 005 | 20220923225244.0 | ||
| 006 | a|||||r|||| 00| 0 | ||
| 007 | ta | ||
| 008 | 220922b |||||||| |||| 00| 0 hin d | ||
| 024 | _a261,548 | ||
| 037 | _cTextual | ||
| 040 |
_aARTS _cARTS _bhin |
||
| 041 |
_2hin _ahin |
||
| 082 | _aO152,1(/\25):g, M6 | ||
| 100 |
_aवीरेन्द्र, मोहन _9156263 |
||
| 245 | 0 | _aभक्तिकाव्य और मानव मूल्य | |
| 246 | _aBhaktikāvya aur mānav mūlya | ||
| 260 | _c1986 | ||
| 650 |
_aहिन्दी साहित्य _9156264 |
||
| 942 |
_hO152,1(/\25):g, M6 _cTEXL _2CC |
||
| 999 |
_c377081 _d377081 |
||